000 00441nam a2200169Ia 4500
005 20250923144518.0
008 008 250917s9999 xx 000 0 eng d
037 _aTextual
040 _aDSWL
_beng
_cDSWL
041 _aeng
_2eng
084 _qDSWL
245 0 _aDirectory of year book
_cEd.by Frank Moraes
260 _aLondon
_bBennlt , Coleman & Co
_c1955
300 _axxxii,1152p.
942 _cTEXL
999 _c1439851
_d1439851